[Event "BL 9192 Koblenz-Bayern"]
[Site "?"]
[Date "1992.??.??"]
[Round "?.4"]
[White "Brueckner, T."]
[Black "Hertneck, G."]
[Result "0-1"]
[WhiteElo "2405"]
[BlackElo "2530"]
[PlyCount "116"]
[EventDate "1992.??.??"]

1. Nf3 d5 2. d4 Bf5 3. c4 e6 4. Nc3 c6 5. e3 Nd7 6. Bd3 Bg6 7. e4 dxc4 8. Bxc4
Ngf6 9. e5 Nd5 10. O-O Be7 11. Qe2 O-O 12. Rd1 Rc8 13. Ne4 Re8 14. Bd2 c5 15.
dxc5 Nxc5 16. Nc3 Bc2 17. Rdc1 Nxc3 18. Bxc3 Bd3 19. Bxd3 Qxd3 20. Qxd3 Nxd3
21. Rd1 Nf4 22. Kf1 Nd5 23. Bd4 g5 24. h3 a6 25. Rac1 Kg7 26. a3 Kg6 27. Ne1 h5
28. Nd3 Kf5 29. f3 Rxc1 30. g4+ Kg6 31. Rxc1 Rd8 32. Ke2 Rh8 33. Bf2 Rd8 34.
Rc4 hxg4 35. hxg4 Bf8 36. Bg3 Bg7 37. Rc1 Rd7 38. Rd1 Bf8 39. Bh2 Bxa3 40. Rc1
Be7 41. Rc8 Nb4 42. Nxb4 Bxb4 43. Rc2 Rd5 44. Bg3 a5 45. f4 a4 46. Ke3 Bc5+ 47.
Ke4 Rd4+ 48. Kf3 b6 49. Rc1 Rd3+ 50. Kg2 Rd2+ 51. Kf3 Rxb2 52. Rh1 Rb3+ 53. Kg2
a3 54. Rh5 a2 55. Rxg5+ Kh7 56. Rh5+ Kg8 57. Bh4 a1=Q 58. Bf6 Qg1# 0-1

[Event "BL 9192 Koblenz-Bayern"]
[Site "?"]
[Date "1992.??.??"]
[Round "?.5"]
[White "Boensch, U."]
[Black "Doncevic, D."]
[Result "1/2-1/2"]
[WhiteElo "2500"]
[BlackElo "2355"]
[PlyCount "82"]
[EventDate "1992.??.??"]

1. Nf3 g6 2. e4 d6 3. d4 Nf6 4. Nc3 Bg7 5. h3 a6 6. a4 O-O 7. Be2 b6 8. O-O Bb7
9. e5 dxe5 10. dxe5 Ne4 11. Nxe4 Bxe4 12. Bf4 Nc6 13. c3 Qxd1 14. Rfxd1 Nd8 15.
Ng5 Bc2 16. Rd2 Bb3 17. Bf3 Rb8 18. Ra3 Ne6 19. Be3 Bc4 20. b3 Nxg5 21. Bxg5
Be6 22. Bxe7 Rfe8 23. Bf6 Bxf6 24. exf6 Rbd8 25. Rxd8 Rxd8 26. a5 b5 27. b4 Bd5
28. Bxd5 Rxd5 29. c4 bxc4 30. Rc3 Rd4 31. Re3 h6 32. Re8+ Kh7 33. Re5 Rd6 34.
Rc5 c6 35. Rxc4 Rxf6 36. Rd4 Kg7 37. Rd7 Rf4 38. Rb7 c5 39. bxc5 Ra4 40. c6
Rxa5 41. c7 Rc5 1/2-1/2

[Event "BL 9192 Koblenz-Bayern"]
[Site "?"]
[Date "1992.??.??"]
[Round "?.6"]
[White "Fritsche, L."]
[Black "Bischoff, K."]
[Result "1-0"]
[WhiteElo "2395"]
[BlackElo "2495"]
[PlyCount "99"]
[EventDate "1992.??.??"]

1. e4 e6 2. d4 c5 3. d5 exd5 4. exd5 d6 5. Nf3 Nf6 6. Nc3 Be7 7. Be2 O-O 8. O-O
Na6 9. Nd2 Nc7 10. Nc4 b6 11. Re1 Bb7 12. Bf3 Ba6 13. Ne3 g6 14. b3 Nfe8 15.
Bb2 Bf6 16. Qd2 Bg7 17. g3 Nf6 18. Rad1 b5 19. Qc1 b4 20. Ne4 Nxe4 21. Bxe4 Bc8
22. c3 a5 23. a4 f5 24. Bg2 Qf6 25. Nc4 bxc3 26. Ba1 Ba6 27. Nb6 Rad8 28. Re3
f4 29. Bxc3 Qf7 30. Rf3 g5 31. Nc4 Bxc4 32. bxc4 Bxc3 33. Qxc3 Na6 34. Bh3 Qg7
35. Be6+ Kh8 36. Re1 Nb4 37. Qd2 fxg3 38. Rxg3 Rf4 39. h4 Rdf8 40. Rxg5 Qf6 41.
Re3 h6 42. Rg2 Rxc4 43. h5 Rd4 44. Qe2 Rh4 45. Qd1 Qd4 46. Qb1 Rxh5 47. Reg3
Rg5 48. Rxg5 hxg5 49. Rh2+ Kg7 50. Rh7+ 1-0

[Event "BL 9192 Koblenz-Bayern"]
[Site "?"]
[Date "1992.??.??"]
[Round "?.7"]
[White "Stangl, M."]
[Black "Weidemann, J."]
[Result "1-0"]
[WhiteElo "2465"]
[BlackElo "2305"]
[PlyCount "93"]
[EventDate "1992.??.??"]

1. Nf3 d6 2. d4 Nf6 3. g3 g6 4. Bg2 Bg7 5. O-O O-O 6. c4 c6 7. Nc3 Bf5 8. Ne1
Qc8 9. e4 Bh3 10. Nd3 Bxg2 11. Kxg2 b5 12. cxb5 cxb5 13. f3 Qc4 14. Be3 Na6 15.
Rc1 b4 16. Na4 Qb5 17. Qb3 Rab8 18. d5 Rb7 19. Rc4 e6 20. dxe6 fxe6 21. Rc2 Re7
22. a3 Nc7 23. axb4 Qb7 24. Kg1 Ref7 25. Rcf2 Kh8 26. Nc3 Nd7 27. Ne2 e5 28.
Nc3 Nb6 29. f4 Bh6 30. b5 Qc8 31. Kg2 Qe8 32. Bxb6 axb6 33. fxe5 Rxf2+ 34. Rxf2
dxe5 35. Rxf8+ Bxf8 36. Qc4 Bd6 37. Qc6 Qe7 38. Qxb6 Ne8 39. Qc6 Qd8 40. Nd5
Bb8 41. Qe6 Ng7 42. Qf7 Qe8 43. Qf6 h5 44. b6 Kh7 45. Ne7 h4 46. g4 g5 47. h3
1-0

[Event "BL 9192 Koblenz-Bayern"]
[Site "?"]
[Date "1992.??.??"]
[Round "?.8"]
[White "Reschke, S."]
[Black "Schlosser, P."]
[Result "0-1"]
[WhiteElo "2325"]
[BlackElo "2485"]
[PlyCount "74"]
[EventDate "1992.??.??"]

1. c4 c5 2. g3 g6 3. Bg2 Bg7 4. Nc3 Nc6 5. Nf3 d6 6. O-O Bf5 7. d3 Qd7 8. Nd5
Nf6 9. Rb1 O-O 10. Bd2 Rab8 11. Bc3 Nxd5 12. cxd5 Nd4 13. Bxd4 cxd4 14. Qb3
Rfc8 15. Rfc1 Rc5 16. Qa3 b6 17. b4 Rc3 18. Rxc3 dxc3 19. Rc1 Rc8 20. Ne1 Qb5
21. Qb3 a5 22. Nc2 Bd7 23. Bf3 Ra8 24. d4 axb4 25. e3 Ra4 26. Rb1 Bf5 27. e4
Bd7 28. a3 Qd3 29. Kg2 bxa3 30. Qxb6 Bf8 31. Qb3 Ra8 32. Ra1 Ba4 33. Qb7 Qxc2
34. Qxa8 Qb2 35. Re1 Bb5 36. e5 c2 37. exd6 exd6 0-1

[Event "BL 9192 Porz-München 36"]
[Site "?"]
[Date "1992.??.??"]
[Round "?.2"]
[White "Lutz, C."]
[Black "Smejkal, J."]
[Result "1/2-1/2"]
[WhiteElo "2540"]
[BlackElo "2535"]
[PlyCount "93"]
[EventDate "1992.??.??"]

1. d4 Nf6 2. c4 g6 3. Nc3 d5 4. Bg5 Ne4 5. Bf4 Nxc3 6. bxc3 Bg7 7. e3 c5 8.
cxd5 cxd4 9. cxd4 Qxd5 10. Nf3 O-O 11. Be2 b6 12. O-O Bb7 13. Qa4 Nc6 14. Rab1
Qa5 15. Bb5 Qxa4 16. Bxa4 Rac8 17. Bg5 e6 18. h3 h6 19. Bf4 Rfd8 20. Rfc1 Bf8
21. Bb5 g5 22. Bg3 Nb4 23. a4 Na2 24. Rxc8 Rxc8 25. Ra1 Nc3 26. Ne5 Ne4 27. Bh2
Rc2 28. Bd3 Rb2 29. Nc4 Rb4 30. Bb8 a6 31. Bc7 b5 32. axb5 axb5 33. Ne5 Ra4 34.
Rc1 b4 35. Bb6 Nc3 36. Nd7 Ba6 37. Bxa6 Rxa6 38. Kh2 Bd6+ 39. g3 Ra2 40. Nf6+
Kh8 41. Kg2 Bxg3 42. d5 Be5 43. Ng4 Bg7 44. d6 Rd2 45. Ba5 Rxd6 46. Bxb4 Rd3
47. Nxh6 1/2-1/2

[Event "BL 9192 Porz-München 36"]
[Site "?"]
[Date "1992.??.??"]
[Round "?.3"]
[White "Gruenberg, HU."]
[Black "Hort, V."]
[Result "1-0"]
[WhiteElo "2510"]
[BlackElo "2560"]
[PlyCount "119"]
[EventDate "1992.??.??"]

1. d4 d5 2. c4 dxc4 3. e4 e5 4. Nf3 Bb4+ 5. Nc3 exd4 6. Nxd4 Ne7 7. Bxc4 Nbc6
8. Be3 O-O 9. a3 Ba5 10. O-O Bb6 11. Nxc6 Nxc6 12. Bxb6 axb6 13. Qxd8 Nxd8 14.
Nd5 Ne6 15. Rfd1 g5 16. Rac1 Ra5 17. Ne7+ Kg7 18. Bxe6 Bxe6 19. Rxc7 Rc5 20.
Rxc5 bxc5 21. f3 b5 22. Kf2 Kf6 23. Nc6 Ra8 24. Ke3 Ra4 25. Rc1 Bc4 26. Rd1 Be6
27. Rd3 h5 28. g3 Ra6 29. Rd6 Kg7 30. f4 gxf4+ 31. gxf4 Bc8 32. e5 Ra4 33. Ne7
Be6 34. f5 Ba2 35. Rc6 Rh4 36. f6+ Kh7 37. Rxc5 Rxh2 38. Rxb5 h4 39. Rb4 Be6
40. a4 Kh6 41. a5 Rh1 42. Rb8 Re1+ 43. Kd4 h3 44. Rh8+ Kg5 45. b4 Ra1 46. Kc5
Bg4 47. Kb6 Bh5 48. Nf5 Ra3 49. Ng7 Be2 50. Kc5 Kg6 51. Kd6 Bc4 52. Rh4 Bf1 53.
Rg4+ Kh6 54. e6 fxe6 55. Nf5+ exf5 56. f7 fxg4 57. f8=Q+ Kh5 58. Qxf1 h2 59. b5
Rh3 60. Qh1 1-0

[Event "BL 9192 Porz-München 36"]
[Site "?"]
[Date "1992.??.??"]
[Round "?.5"]
[White "Bastian, H."]
[Black "Hickl, J."]
[Result "0-1"]
[WhiteElo "2330"]
[BlackElo "2515"]
[PlyCount "74"]
[EventDate "1992.??.??"]

1. e4 g6 2. d4 d6 3. g3 Bg7 4. Bg2 Nc6 5. Ne2 e5 6. d5 Nce7 7. c4 f5 8. Nbc3
Nf6 9. O-O O-O 10. f3 a6 11. Qd3 Bd7 12. b4 a5 13. bxa5 Rxa5 14. Bd2 Ra3 15. c5
Qa8 16. Qc4 Qa7 17. Rfb1 Kh8 18. Nc1 c6 19. dxc6 bxc6 20. Nb3 d5 21. exd5 Nfxd5
22. Re1 Be6 23. Bc1 Nc7 24. Qh4 Rxb3 25. Qxe7 Rxc3 26. Kh1 Rd3 27. Bb2 Rd7 28.
Qh4 Qxc5 29. Rac1 Qd6 30. Qa4 Nb5 31. Red1 Bd5 32. f4 e4 33. Bxg7+ Kxg7 34. Bf1
Ra7 35. Qc2 Nc7 36. Qd2 Qf6 37. a4 Rxa4 0-1

[Event "BL 9192 Porz-München 36"]
[Site "?"]
[Date "1992.??.??"]
[Round "?.6"]
[White "Knaak, R."]
[Black "Ruf, M."]
[Result "1-0"]
[WhiteElo "2505"]
[BlackElo "2395"]
[PlyCount "71"]
[EventDate "1992.??.??"]

1. d4 d6 2. e4 Nf6 3. f3 e5 4. d5 c6 5. c4 Be7 6. Be3 O-O 7. Qd2 Ne8 8. Bd3 g6
9. Nc3 f5 10. exf5 gxf5 11. O-O-O Kh8 12. Kb1 Na6 13. f4 Nf6 14. h3 Qe8 15. Ka1
Nb4 16. Bb1 cxd5 17. cxd5 a5 18. Nge2 Rg8 19. g4 fxg4 20. fxe5 dxe5 21. d6 Bd8
22. Bg5 Rg7 23. Rdf1 Ng8 24. Bxd8 Qxd8 25. hxg4 Ra6 26. Ne4 Bxg4 27. N2c3 Rc6
28. Qh2 Qe8 29. Rhg1 h5 30. Qh4 Nh6 31. Rf6 Nf5 32. Qf2 Rf7 33. Rxg4 hxg4 34.
Qxf5 Rxf6 35. Qxf6+ Kg8 36. Ng5 1-0

[Event "BL 9192 Porz-München 36"]
[Site "?"]
[Date "1992.??.??"]
[Round "?.7"]
[White "Roese, O."]
[Black "Vogt, L."]
[Result "0-1"]
[WhiteElo "2375"]
[BlackElo "2515"]
[PlyCount "66"]
[EventDate "1992.??.??"]

1. e4 c5 2. Nf3 e6 3. d4 cxd4 4. Nxd4 Nf6 5. Nc3 d6 6. Be2 Be7 7. O-O O-O 8. f4
Qb6 9. Be3 Qxb2 10. Qe1 Qb6 11. e5 Ne8 12. Nf5 Qd8 13. Nxe7+ Qxe7 14. Rd1 Nd7
15. Bb5 dxe5 16. Ne4 Nef6 17. Nxf6+ Nxf6 18. fxe5 Nd5 19. Bd4 b6 20. Rd3 Qb4
21. c4 Qxe1 22. Rxe1 Nb4 23. Rd2 Rd8 24. Bc3 Rxd2 25. Bxd2 Nc2 26. Rd1 Bb7 27.
Bc3 Bxg2 28. Kxg2 Ne3+ 29. Kf3 Nxd1 30. Bd4 Rd8 31. Ke4 f5+ 32. exf6 gxf6 33.
Bxf6 Nf2+ 0-1

[Event "BL 9192 Porz-München 36"]
[Site "?"]
[Date "1992.??.??"]
[Round "?.8"]
[White "Schoen, W."]
[Black "Reich, T."]
[Result "1/2-1/2"]
[WhiteElo "2370"]
[BlackElo "2350"]
[PlyCount "66"]
[EventDate "1992.??.??"]

1. d4 Nf6 2. c4 g6 3. Nc3 Bg7 4. e4 d6 5. f4 O-O 6. Nf3 c5 7. d5 e6 8. dxe6
Bxe6 9. Bd3 Bg4 10. h3 Bxf3 11. Qxf3 Nc6 12. Be3 Re8 13. O-O Nd7 14. Kh1 Bd4
15. Bxd4 Nxd4 16. Qf2 a6 17. Rae1 f6 18. Nd5 Nc6 19. a3 Kg7 20. b4 b6 21. Bc2
Ne7 22. Rd1 Ra7 23. Ne3 Nc8 24. Qd2 Nf8 25. bxc5 bxc5 26. Qc3 Ne6 27. f5 Nd4
28. fxg6 hxg6 29. Rf2 Rf7 30. Rdf1 Re6 31. Nd5 Ne7 32. Qg3 Nxc2 33. Rxc2 Nxd5
1/2-1/2

[Event "BL 9192 Hannover-Erfurt"]
[Site "?"]
[Date "1992.??.??"]
[Round "?.4"]
[White "Behrens, H."]
[Black "Voekler, B."]
[Result "1/2-1/2"]
[WhiteElo "2305"]
[BlackElo "2340"]
[PlyCount "41"]
[EventDate "1992.??.??"]

1. d4 Nf6 2. Nf3 g6 3. Bf4 Bg7 4. e3 O-O 5. c4 d5 6. Nc3 c5 7. h3 Nc6 8. Be2
dxc4 9. dxc5 Qa5 10. Qa4 Qxa4 11. Nxa4 Nd5 12. Bxc4 Nxf4 13. exf4 Bd7 14. O-O-O
Rfd8 15. Bb5 Rac8 16. Rhe1 Kf8 17. Re3 b6 18. Red3 Be8 19. Rxd8 Nxd8 20. Ba6
Bxa4 21. Bxc8 1/2-1/2

[Event "BL 9192 HSK-Bamberg"]
[Site "?"]
[Date "1992.??.??"]
[Round "?.1"]
[White "Unzicker, W."]
[Black "Wahls, M."]
[Result "1/2-1/2"]
[WhiteElo "2450"]
[BlackElo "2570"]
[PlyCount "61"]
[EventDate "1992.??.??"]

1. e4 d5 2. exd5 Qxd5 3. Nc3 Qa5 4. d4 Nf6 5. Nf3 c6 6. Be2 Bf5 7. O-O e6 8.
Bf4 Nbd7 9. Nd2 Qd8 10. Nc4 Nb6 11. Ne5 Be7 12. Bf3 Rc8 13. Bg5 h6 14. Bh4 Qd6
15. a3 Rd8 16. Ne2 Qc7 17. Qc1 Qc8 18. h3 O-O 19. c4 Rfe8 20. Rd1 Nfd7 21. Bxe7
Rxe7 22. Qc3 Qc7 23. Ng3 Bh7 24. Ng4 Bg6 25. b3 Ree8 26. Re1 Nc8 27. Rad1 Ne7
28. Qb2 Nf5 29. Nxf5 Bxf5 30. Ne3 Bg6 31. Ng4 1/2-1/2

[Event "BL 9192 HSK-Bamberg"]
[Site "?"]
[Date "1992.??.??"]
[Round "?.2"]
[White "Maus, So"]
[Black "Pfleger, He"]
[Result "1-0"]
[WhiteElo "2385"]
[BlackElo "2495"]
[PlyCount "87"]
[EventDate "1992.??.??"]

1. e4 d6 2. d4 Nf6 3. Nc3 g6 4. f4 Bg7 5. Nf3 O-O 6. Be3 Nbd7 7. Qe2 b5 8. e5
Ng4 9. Bg1 b4 10. Ne4 a5 11. Nfd2 Nh6 12. h4 Ba6 13. Qf3 Bxf1 14. Nxf1 d5 15.
Ng5 e6 16. h5 Re8 17. hxg6 fxg6 18. Qh3 Nf8 19. Nd2 a4 20. g4 Qd7 21. Be3 Qc6
22. Rc1 a3 23. b3 Qc3 24. Ke2 Rad8 25. Ndf3 Qb2 26. Ne1 Qc3 27. Nd3 Rb8 28. Nf3
Qc6 29. f5 Nxg4 30. Qxg4 exf5 31. Qh4 Qa6 32. Kf2 Rb6 33. Bd2 Qb7 34. Bg5 Rc6
35. Be7 h6 36. Bf6 g5 37. Nxg5 Rxf6 38. exf6 Bxf6 39. Qxh6 Bxd4+ 40. Kf1 c5 41.
Re1 Rxe1+ 42. Nxe1 Qb5+ 43. Nd3 Bg7 44. Qh5 1-0

[Event "BL 9192 HSK-Bamberg"]
[Site "?"]
[Date "1992.??.??"]
[Round "?.3"]
[White "Meister, P."]
[Black "Michaelsen, N."]
[Result "1/2-1/2"]
[WhiteElo "2410"]
[BlackElo "2385"]
[PlyCount "106"]
[EventDate "1992.??.??"]

1. d4 Nf6 2. c4 g6 3. Nc3 d5 4. Bg5 Ne4 5. cxd5 Nxg5 6. h4 Ne4 7. Nxe4 Qxd5 8.
Nc3 Qa5 9. e3 Bg7 10. h5 c5 11. hxg6 hxg6 12. Rxh8+ Bxh8 13. Rc1 cxd4 14. exd4
Nc6 15. d5 Nd4 16. Nge2 Bg4 17. f3 Nxe2 18. Bxe2 Bd7 19. Qd2 Rc8 20. Kf1 Qb4
21. Qh6 Bf6 22. Rc2 a6 23. Bd3 Qd4 24. Rd2 Bg7 25. Qh7 Kf8 26. Rd1 Qf4 27. Be2
b5 28. d6 exd6 29. Nd5 Qh6 30. Qxh6 Bxh6 31. Nb6 Rc7 32. Nxd7+ Rxd7 33. a4 bxa4
34. Bxa6 Ra7 35. Bb5 Bg7 36. Ra1 Rb7 37. Bxa4 Rxb2 38. Rc1 Bd4 39. Rc2 Rb4 40.
Bc6 Kg7 41. g4 Kf6 42. Bd5 Bc5 43. Ke2 g5 44. Rd2 Rb8 45. Kd3 Rb1 46. Kc2 Ra1
47. Rd1 Ra3 48. Bb3 Ra7 49. Rd5 Re7 50. Rf5+ Kg6 51. Bd5 f6 52. Be4 Kg7 53. Rd5
Ra7 1/2-1/2

[Event "BL 9192 HSK-Bamberg"]
[Site "?"]
[Date "1992.??.??"]
[Round "?.4"]
[White "Wegner, H."]
[Black "Kurz, A."]
[Result "1/2-1/2"]
[WhiteElo "2385"]
[BlackElo "2325"]
[PlyCount "39"]
[EventDate "1992.??.??"]

1. d4 Nf6 2. c4 g6 3. Nc3 Bg7 4. e4 d6 5. Nf3 O-O 6. Be2 e5 7. O-O Nc6 8. d5
Ne7 9. b4 Nh5 10. g3 f5 11. Ng5 Nf6 12. f3 c6 13. Be3 f4 14. Bf2 fxg3 15. hxg3
Nh5 16. Ne6 Bxe6 17. dxe6 Nf4 18. gxf4 exf4 19. Rc1 Nf5 20. exf5 1/2-1/2

[Event "BL 9192 HSK-Bamberg"]
[Site "?"]
[Date "1992.??.??"]
[Round "?.6"]
[White "Heinemann, T."]
[Black "Goetz, R."]
[Result "1/2-1/2"]
[WhiteElo "2395"]
[BlackElo "2355"]
[PlyCount "108"]
[EventDate "1992.??.??"]

1. e4 c5 2. Nc3 Nc6 3. g3 g6 4. Bg2 Bg7 5. d3 d6 6. Be3 Nd4 7. Qd2 e5 8. Nce2
Ne7 9. c3 Ndc6 10. Bh6 O-O 11. h4 f6 12. Bxg7 Kxg7 13. h5 g5 14. h6+ Kh8 15. f4
gxf4 16. gxf4 Rg8 17. Rh2 Be6 18. Nf3 d5 19. fxe5 Nxe5 20. Nxe5 fxe5 21. exd5
Bxd5 22. Qe3 Qd6 23. Be4 Raf8 24. O-O-O Bxa2 25. c4 Bb3 26. Rg1 Rxg1+ 27. Qxg1
Ng6 28. Rf2 Rxf2 29. Qxf2 Nf4 30. Kd2 Qxh6 31. Qxc5 Ne6+ 32. Qe3 Qxe3+ 33. Kxe3
b6 34. Bc6 Kg7 35. Nc3 Nc5 36. Nb5 a5 37. Nd6 Ba4 38. Bf3 Bd7 39. d4 exd4+ 40.
Kxd4 Kg6 41. Kd5 h5 42. Ne4 Nxe4 43. Bxe4+ Kg5 44. Kd6 Bf5 45. Bd5 h4 46. Kc7
h3 47. Kxb6 Kf4 48. c5 Be4 49. Bxe4 Kxe4 50. c6 h2 51. c7 h1=Q 52. c8=Q Qa1 53.
Qe6+ Kd3 54. b3 Qc3 1/2-1/2

[Event "BL 9192 HSK-Bamberg"]
[Site "?"]
[Date "1992.??.??"]
[Round "?.7"]
[White "Stickler, A."]
[Black "Sievers, S."]
[Result "0-1"]
[WhiteElo "2255"]
[BlackElo "2365"]
[PlyCount "76"]
[EventDate "1992.??.??"]

1. d4 Nf6 2. c4 c5 3. d5 b5 4. Nf3 b4 5. Nbd2 g6 6. e4 Bg7 7. Bd3 O-O 8. O-O d6
9. Re1 e5 10. dxe6 Bxe6 11. Nf1 Nc6 12. h3 Nd7 13. Ne3 Nde5 14. Nxe5 dxe5 15.
Nd5 Nd4 16. a3 b3 17. Be3 Rb8 18. Rc1 Qh4 19. Rc3 Bd7 20. Bf1 Kh8 21. Bc1 f5
22. g3 Qd8 23. Bg2 f4 24. g4 Qh4 25. f3 h5 26. Rf1 a5 27. Qe1 Qd8 28. Qf2 Bh6
29. Bd2 Bg5 30. Be1 Be6 31. gxh5 gxh5 32. Kh2 Rg8 33. Rg1 Rb7 34. Bf1 Rbg7 35.
Qd2 Bh4 36. Rxg7 Rxg7 37. Bf2 Bxf2 38. Qxf2 Rg3 0-1

[Event "BL 9192 Erfurt-HSK"]
[Site "?"]
[Date "1992.??.??"]
[Round "?.1"]
[White "Wahls, M."]
[Black "Teske, H."]
[Result "1-0"]
[WhiteElo "2570"]
[BlackElo "2455"]
[PlyCount "87"]
[EventDate "1992.??.??"]

1. e4 c5 2. Nf3 e6 3. d4 cxd4 4. Nxd4 Nc6 5. Nb5 d6 6. Bf4 Ne5 7. N1a3 a6 8.
Bxe5 dxe5 9. Qxd8+ Kxd8 10. O-O-O+ Ke7 11. Nd6 b5 12. c4 b4 13. Nc2 a5 14. c5
Nf6 15. Ne3 g6 16. Nec4 Bh6+ 17. Kb1 Nd7 18. c6 Nc5 19. Nb6 Rb8 20. Nbxc8+
Rhxc8 21. Nxc8+ Rxc8 22. Bb5 f5 23. h4 fxe4 24. h5 Kf7 25. Rh3 Bf4 26. hxg6+
Kxg6 27. Rd6 h6 28. Rh1 Bg5 29. Re1 Kf5 30. Kc2 Be7 31. Rdd1 Nd3 32. Re2 Nf4
33. Red2 Nd5 34. Kb3 Bc5 35. Rc2 Bd4 36. Rh1 e3 37. fxe3 Bxe3 38. Ba6 Ra8 39.
Bb7 a4+ 40. Kc4 Ra5 41. Kd3 e4+ 42. Ke2 Bb6 43. c7 Nxc7 44. Rc6 1-0

[Event "BL 9192 Erfurt-HSK"]
[Site "?"]
[Date "1992.??.??"]
[Round "?.2"]
[White "Casper, T."]
[Black "Maus, So"]
[Result "0-1"]
[WhiteElo "2430"]
[BlackElo "2385"]
[PlyCount "60"]
[EventDate "1992.??.??"]

1. e4 d5 2. Nc3 d4 3. Nce2 e5 4. Ng3 Be6 5. Be2 Nc6 6. Bb5 Nge7 7. d3 Qd6 8.
Bd2 g6 9. h3 Bg7 10. N1e2 O-O-O 11. O-O h5 12. f4 h4 13. Nh1 exf4 14. Bxf4 Be5
15. Bxc6 Nxc6 16. Qd2 g5 17. Bxg5 Rdg8 18. Nf2 Rh7 19. Kh1 Rhg7 20. Bf4 Rxg2
21. Rg1 Bxf4 22. Nxf4 Rxg1+ 23. Rxg1 Rxg1+ 24. Kxg1 Bxa2 25. Ng2 Qg3 26. Qf4
Qxf4 27. Nxf4 Bb1 28. Ng2 Bxc2 29. Nxh4 Ne5 30. Nf5 Nxd3 0-1

[Event "BL 9192 Erfurt-HSK"]
[Site "?"]
[Date "1992.??.??"]
[Round "?.3"]
[White "Michaelsen, N."]
[Black "Paehtz, T."]
[Result "1/2-1/2"]
[WhiteElo "2385"]
[BlackElo "2495"]
[PlyCount "69"]
[EventDate "1992.??.??"]

1. d4 Nf6 2. c4 g6 3. Nc3 Bg7 4. e4 d6 5. f4 c5 6. d5 O-O 7. Nf3 b5 8. cxb5 a6
9. a4 e6 10. dxe6 Bxe6 11. Be2 axb5 12. Bxb5 d5 13. e5 Ne8 14. O-O Nc7 15. Ra3
Nba6 16. Bc6 Rb8 17. f5 Bxf5 18. Bxd5 Bg4 19. Bc4 Bxf3 20. Qxd8 Rbxd8 21. Rxf3
Rd4 22. Bxa6 Nxa6 23. Be3 Rb4 24. Nd5 Rxb2 25. Nf6+ Kh8 26. Nd7 Re8 27. Rxf7 c4
28. Rc3 Rb1+ 29. Rf1 Rb3 30. Rxb3 cxb3 31. Rb1 Re7 32. Nc5 Nxc5 33. Bxc5 Rb7
34. a5 Rb5 35. Bd6 1/2-1/2

[Event "BL 9192 Erfurt-HSK"]
[Site "?"]
[Date "1992.??.??"]
[Round "?.4"]
[White "Mueller, Mat"]
[Black "Wegner, H."]
[Result "1-0"]
[WhiteElo "2355"]
[BlackElo "2385"]
[PlyCount "49"]
[EventDate "1992.??.??"]

1. e4 e5 2. Nf3 Nc6 3. d4 exd4 4. Nxd4 Nf6 5. Nxc6 bxc6 6. e5 Qe7 7. Qe2 Nd5 8.
c4 Ba6 9. b3 f6 10. Bb2 fxe5 11. g3 Nf6 12. Bg2 O-O-O 13. O-O Re8 14. Nd2 Bb7
15. Rfe1 Qf7 16. a3 e4 17. b4 c5 18. Bxf6 gxf6 19. Nb3 f5 20. bxc5 Bg7 21. Rab1
f4 22. Na5 Ba8 23. Qd1 f3 24. c6 Re6 25. cxd7+ 1-0

[Event "BL 9192 Erfurt-HSK"]
[Site "?"]
[Date "1992.??.??"]
[Round "?.5"]
[White "Reefschlaeger, H."]
[Black "Schwarz, M."]
[Result "1/2-1/2"]
[WhiteElo "2400"]
[BlackElo "2380"]
[PlyCount "103"]
[EventDate "1992.??.??"]

1. e4 c6 2. Nc3 d5 3. f4 g6 4. e5 Nh6 5. Nf3 Bg4 6. h3 Bxf3 7. Qxf3 f6 8. d4
Qb6 9. Qd3 Na6 10. a3 Nf5 11. Ne2 h5 12. b4 Nc7 13. g3 a5 14. c3 axb4 15. cxb4
e6 16. Bb2 Kf7 17. Bg2 Qa6 18. Qxa6 Rxa6 19. Kf2 fxe5 20. dxe5 c5 21. Rhc1 Be7
22. g4 hxg4 23. hxg4 Nh6 24. Kg3 b6 25. Nd4 Rc8 26. Nf3 Ra7 27. Ng5+ Kg7 28.
Nxe6+ Nxe6 29. Bxd5 Nc7 30. Be4 Rf8 31. Rf1 cxb4 32. axb4 Rxa1 33. Rxa1 Ne6 34.
Ra7 Rf7 35. Bd5 Bxb4 36. Ra1 Re7 37. Rf1 Nc7 38. Bb3 Kf8 39. f5 gxf5 40. gxf5
Rd7 41. Rf3 Rg7+ 42. Kh3 Rg5 43. f6 Rh5+ 44. Kg2 Ng4 45. e6 Rh2+ 46. Kg3 Rxb2
47. Kxg4 Re2 48. e7+ Bxe7 49. fxe7+ Kxe7 50. Kf4 Ne6+ 51. Bxe6 Rxe6 52. Re3
1/2-1/2

[Event "BL 9192 Erfurt-HSK"]
[Site "?"]
[Date "1992.??.??"]
[Round "?.6"]
[White "Maiwald, J."]
[Black "Heinemann, T."]
[Result "0-1"]
[WhiteElo "2340"]
[BlackElo "2395"]
[PlyCount "112"]
[EventDate "1992.??.??"]

1. d4 Nf6 2. c4 c5 3. d5 b5 4. cxb5 a6 5. b6 d6 6. Nc3 Qxb6 7. e4 g6 8. a4 a5
9. Nf3 Ba6 10. Bb5+ Bxb5 11. axb5 Nbd7 12. Nd2 Bg7 13. Nc4 Qc7 14. Bd2 O-O 15.
O-O Rfb8 16. Qe2 Ne8 17. Ra2 a4 18. Nxa4 Rxb5 19. e5 Rbb8 20. e6 Ne5 21. exf7+
Kxf7 22. Na5 Rxa5 23. Bxa5 Qxa5 24. f4 Nd7 25. Qe6+ Kf8 26. Qxd7 Qd2 27. Nb6
Bxb2 28. Kh1 Qb4 29. Ra7 Bf6 30. Rb7 Rxb7 31. Qxb7 Kf7 32. Qc6 Qb3 33. Nc8 Qc4
34. Re1 Qb4 35. Rf1 Qc4 36. Re1 Qxf4 37. Qd7 Qg5 38. h3 Kf8 39. Qe6 Nc7 40. Qd7
Ne8 41. Qd8 Qf4 42. Qd7 Qh4 43. Rf1 Qe4 44. Qd8 Kf7 45. Nb6 h5 46. Qc8 g5 47.
Qd7 g4 48. Qc8 Ng7 49. Qd7 Kg6 50. Nc8 gxh3 51. Qxh3 Nf5 52. Rd1 c4 53. Nb6 c3
54. Nd7 c2 55. Rf1 Bg7 56. Rc1 Bh6 0-1

[Event "BL 9192 Erfurt-HSK"]
[Site "?"]
[Date "1992.??.??"]
[Round "?.7"]
[White "Sievers, S."]
[Black "Brueggemann, Joa"]
[Result "0-1"]
[WhiteElo "2365"]
[BlackElo "2305"]
[PlyCount "50"]
[EventDate "1992.??.??"]

1. e4 c5 2. Nf3 d6 3. d4 cxd4 4. Qxd4 Nc6 5. Bb5 Bd7 6. Bxc6 bxc6 7. c4 e5 8.
Qd3 Qc7 9. O-O Nf6 10. Rd1 Be7 11. Bg5 Be6 12. Bxf6 Bxf6 13. Nc3 Rd8 14. b4 O-O
15. Rab1 Rd7 16. Rdc1 Bd8 17. b5 f5 18. Nd2 cxb5 19. Nd5 Qc5 20. Ne3 bxc4 21.
Ndxc4 fxe4 22. Qxe4 Rc7 23. g3 Qd4 24. Qc2 Bxc4 25. Nxc4 d5 0-1

[Event "BL 9192 Bamberg-Hannover"]
[Site "?"]
[Date "1992.??.??"]
[Round "?.4"]
[White "Kurz, A."]
[Black "Behrens, H."]
[Result "0-1"]
[WhiteElo "2325"]
[BlackElo "2305"]
[PlyCount "62"]
[EventDate "1992.??.??"]

1. d4 Nf6 2. c4 e6 3. Nc3 Bb4 4. a3 Bxc3+ 5. bxc3 d6 6. f3 Nbd7 7. e4 O-O 8.
Bd3 c5 9. Ne2 Re8 10. O-O cxd4 11. cxd4 e5 12. Bb2 b6 13. Qd2 Ba6 14. Rfd1 Rc8
15. Rac1 Nb8 16. c5 bxc5 17. Bxa6 Nxa6 18. dxe5 dxe5 19. Qg5 Qc7 20. Ng3 h6 21.
Qh4 c4 22. Rc2 Qb6+ 23. Kh1 Nc5 24. Nf5 Nd3 25. Qg3 Nh5 26. Qg4 Rcd8 27. Rg1
Nxb2 28. Qxh5 Rd1 29. Rxd1 Nxd1 30. h3 Qb1 31. Nd6 Ne3+ 0-1

[Event "BL 9192 Bamberg-Hannover"]
[Site "?"]
[Date "1992.??.??"]
[Round "?.6"]
[White "Goetz, R."]
[Black "Koelle, A."]
[Result "1-0"]
[WhiteElo "2355"]
[BlackElo "2240"]
[PlyCount "87"]
[EventDate "1992.??.??"]

1. e4 c5 2. Nf3 Nc6 3. d4 cxd4 4. Nxd4 Nf6 5. Nc3 d6 6. Be2 e5 7. Nf3 h6 8. O-O
Be7 9. Re1 O-O 10. h3 Be6 11. Bf1 Nb8 12. a4 a6 13. Nd5 Nxd5 14. exd5 Bf5 15.
a5 Nd7 16. b4 Bg6 17. Ra3 Rc8 18. c4 e4 19. Nd2 f5 20. Bb2 Bf6 21. Qa1 Bxb2 22.
Qxb2 Re8 23. Qd4 Qf6 24. Qxf6 Nxf6 25. Nb3 Bf7 26. Nd4 g6 27. b5 Nd7 28. Rb1 f4
29. bxa6 bxa6 30. Nc6 Kg7 31. Rb7 Nc5 32. Rb6 Ra8 33. Nd4 Red8 34. Nb3 Rdb8 35.
Nxc5 dxc5 36. Rab3 Rc8 37. Be2 Kf8 38. Bg4 Re8 39. Kf1 h5 40. Bd7 Red8 41. Bc6
Ra7 42. h4 Ke7 43. g3 fxg3 44. Rxg3 1-0

[Event "BL 9192 Sindelfingen-Erfurt"]
[Site "?"]
[Date "1992.??.??"]
[Round "?.1"]
[White "Teske, H."]
[Black "Rajkovic, D."]
[Result "0-1"]
[WhiteElo "2455"]
[BlackElo "2470"]
[PlyCount "91"]
[EventDate "1992.??.??"]

1. d4 Nf6 2. Nf3 e6 3. c4 b6 4. g3 Ba6 5. Qa4 Bb7 6. Bg2 c5 7. dxc5 bxc5 8. O-O
Be7 9. Nc3 O-O 10. Rd1 d6 11. Bf4 Qb6 12. Rd2 Rd8 13. Rad1 h6 14. Qb3 Ne8 15.
Qc2 Nc6 16. b3 Nb4 17. Qc1 Nf6 18. Ne1 Bxg2 19. Nxg2 Rac8 20. h3 d5 21. cxd5
exd5 22. a3 Nc6 23. Nxd5 Nxd5 24. Rxd5 Rxd5 25. Rxd5 Qxb3 26. Ne3 Rd8 27. Rxd8+
Nxd8 28. Qd2 Qb1+ 29. Kh2 Ne6 30. Be5 Qb5 31. Nd5 Bf8 32. Bc3 c4 33. Bb4 a5 34.
Bxf8 Kxf8 35. f4 Qc5 36. Kg2 Qxa3 37. f5 Ng5 38. Nb6 Qxg3+ 39. Kxg3 Ne4+ 40.
Kf4 Nxd2 41. Ke3 c3 42. Kd3 Ne4 43. Nc4 a4 44. Ne3 Nf2+ 45. Kxc3 Nxh3 46. Nd5
0-1